| 000 | 00601nam a2200205 a 4500 | ||
|---|---|---|---|
| 005 | 20210223123952.0 | ||
| 008 | 991125n 000 0 u | ||
| 035 | _aUPN01000088504 | ||
| 100 | 1 |
_aMungaray Lagarda, Alejandro _929565 |
|
| 222 | _aREVISTA DE LA EDUCACION SUPERIOR | ||
| 245 | _aMovilidad social y educación superior en México | ||
| 300 | _a35-43 | ||
| 362 | 0 | _a1993 Vol. 22, no. 1(85) ene.-mar. | |
| 653 | 0 | _aDESARROLLO SOCIAL | |
| 653 | 0 | _aEDUCACION SUPERIOR | |
| 653 | 0 | _aSOCIEDAD | |
| 700 | 1 |
_aSánchez, Maria Dolores, _ecoaut. |
|
| 904 |
_aAC _b026315 |
||
| 905 | _aArticulo | ||
| 999 |
_c73058 _d73058 |
||